[Event "Milan Sport&Cultura op"]
[Site "Milan"]
[Date "2010.02.13"]
[Round "2"]
[White "Gussoni, Paolo"]
[Black "Illyuviev, Oleg"]
[Result "0-1"]
[WhiteElo "1626"]
[BlackElo "1974"]
[PlyCount "92"]
[EventDate "2010.02.12"]
[EventType "swiss"]
[EventRounds "5"]
[EventCountry "ITA"]
[SourceTitle "EXT 2011"]
[Source "ChessBase"]
[SourceDate "2010.11.26"]
[SourceVersion "1"]
[SourceVersionDate "2010.11.26"]
[SourceQuality "1"]

1. d4 d5 2. Bf4 Nf6 3. e3 Bg4 4. Nf3 e6 5. Nbd2 Bd6 6. Bg5 c5 7. c3 h6 8. Bh4 Bf5 9. Qa4+ Nc6 10. Ne5 Qc7 11. Ndf3 0-0 12. Bxf6 gxf6 13. Nxc6 bxc6 14. dxc5 Bxc5 15. Qh4 Kg7 16. Qg3+ Qxg3 17. hxg3 a5 18. Nd4 Bxd4 19. cxd4 Rfb8 20. b3 a4 21. bxa4 Rxa4 22. Be2 Rb2 23. g4 Be4 24. f3 Ra3 25. fxe4 Rxe3 26. exd5 Rexe2+ 27. Kd1 cxd5 28. a4 Ra2 29. Rxa2 Rxa2 30. Rh3 Rxa4 31. Rd3 Ra2 32. g3 Kg6 33. Rf3 Ra4 34. Rd3 Kg5 35. Ke2 Kxg4 36. Kf2 h5 37. Kg2 f5 38. Kf2 Ra2+ 39. Kg1 h4 40. gxh4 Kxh4 41. Rd1 Kg4 42. Re1 f4 43. Kf1 Kg3 44. Rd1 f3 45. Ke1 Re2+ 46. Kf1 Rh2 0-1